| 000 | 00724cam a22002533a 4500 | ||
|---|---|---|---|
| 001 | 25345 | ||
| 003 | PGUSA | ||
| 005 | 20140828083538.0 | ||
| 008 | 080506s2008||||xxu|||||s|||||000 | eng d | ||
| 040 |
_aPGUSA _beng |
||
| 042 | _adc | ||
| 050 | 4 | _aPT | |
| 100 | 1 |
_aWassermann, Jakob, _d1873-1934 |
|
| 245 | 1 | 4 |
_aThe Goose Man _h[electronic resource] / _cJakob Wassermann |
| 260 |
_bProject Gutenberg, _c2008 |
||
| 506 | _aPublic domain in the USA. | ||
| 516 | _aElectronic text | ||
| 700 | 1 |
_aLewisohn, Ludwig, _d1882-1955 |
|
| 700 | 1 |
_aPorterfield, Allen Wilson, _d1877- |
|
| 740 | 0 | _aGänsemännchen. English | |
| 830 | 0 |
_aProject Gutenberg _v25345 |
|
| 856 | 4 | 0 | _uhttp://www.gutenberg.org/ebooks/25345 |
| 942 | _cEB | ||
| 999 |
_c254600 _d254600 |
||